[Event "EM for Hold 2019"]
[Site "Batumi"]
[Date "2019.11.02"]
[Round "9.3"]
[White "Shengelia, David"]
[Black "Thybo, Jesper Sondergaard"]
[Result "1/2-1/2"]
[WhiteElo "2531"]
[BlackElo "2550"]
[PlyCount "111"]
[EventDate "2019.10.24"]
[EventType "team-swiss"]
[EventRounds "9"]
[EventCountry "GEO"]
[WhiteTeam "Austria"]
[BlackTeam "Denmark"]
[WhiteTeamCountry "AUT"]
[BlackTeamCountry "DEN"]

1. d4 Nf6 2. c4 e6 3. Nc3 Bb4 4. e3 O-O 5. Bd3 d5 6. cxd5 exd5 7. Nge2 Bd6 8.
Bd2 c6 9. Rc1 Re8 10. O-O Ng4 11. Nf4 Qh4 12. h3 Nf6 13. g3 Qh6 14. h4 Ne4 15.
Nxe4 dxe4 16. Bc4 Nd7 17. Qb3 Qf6 18. Bc3 Qf5 19. d5 Nc5 20. Qd1 Bxf4 21. Qd4
Be5 22. Qxc5 Qh3 23. Be2 Bxg3 24. fxg3 Qxg3+ 25. Kh1 Qxh4+ 26. Kg1 Bh3 27. Qd6
Qg5+ 28. Kf2 Rad8 29. Rg1 Qxg1+ 30. Rxg1 Rxd6 31. Rxg7+ Kf8 32. Rxh7 Bf5 33.
Rh5 Bg6 34. Bb4 Red8 35. dxc6 bxc6 36. Ra5 Ke8 37. Bxd6 Rxd6 38. b3 Rd7 39. Kg3
Ke7 40. Bg4 Rb7 41. Kf4 Kd6 42. Bh3 Re7 43. Ra4 Kc5 44. Bf5 Bxf5 45. Kxf5 Kb5
46. Kf6 Rd7 47. Rxe4 a5 48. a4+ Kb6 49. Re8 Kc5 50. Ra8 Rd3 51. Rxa5+ Kb4 52.
Ra6 Rxe3 53. Rxc6 Rxb3 54. Rb6+ Kxa4 55. Rxb3 Kxb3 56. Kxf7 1/2-1/2